LEADER 00916nam a2200205 i 4500 001 000000217224 003 CaOOAMICUS 005 20240716090434.0 008 121129s1772 it u000 u lat u 013 $a196121 026 $aada- e.u* i-us "p"r (3) 1772 (R) 040 $aSeMil$bita 245 10$aTomus 4. complectens dissertationis 8. partem 2. et 3. dissertationem quoque 9. et 10. 300 $aVI, [2], 495, [1] p. 500 $aSegn.: a4 A-3Q4 773 0 $aTrombelli, Giovanni Crisostomo <1697-1784>$t[1]: De baptismo partem complectens. Tomus 1. [-5.].$dBononiae : Ex Typographia S. Thomae Aquinatis, 1769-1773.$g4$w()27738 850 $aSeMil 852 $aSeMil$W1$xVenegono$y1$m2F IV 18 FA$j167638$B167638$CSeMilBibl$Z2$F178420 $8I 996 $6245$aTomus 4. complectens dissertationis 8. partem 2. et 3. dissertationem quoque 9. et 10$9(OLS)http://semarc/title/312151 LEADER 01011nam a2200205 i 4500 001 000000032345 003 CaOOAMICUS 005 20191127120357.0 008 180830s1829 fr u000 u und u 040 $aSeMil$bita 100 1 $aSurin, Jean Joseph,$c.$0(OLS)http://semarc/name/90167 245 10$aDialogues spirituels, ou La perfection chrétienne est expliquée pour toutes sortes de personnes. Par le R. Pere Surin, de la Compagnie de Jesus. Tome 1. [-2.]. 260 $aAvignon :$bJean-Albert Fischer-Joly,$c1829. 300 $a2 v. ;$c8°. 650 4$aPerfezione cristiana.$0(OLS)http://semarc/subject/2090 774 0 $tTome 1.$w()244319 774 0 $tTome 2.$w()244321 996 $6245$aDialogues spirituels, ou La perfection chrétienne est expliquée pour toutes sortes de personnes. Par le R. Pere Surin, de la Compagnie de Jesus. Tome 1. [-2.]$9(OLS)http://semarc/title/43882 996 $6260$aAvignon :$bJean-Albert Fischer-Joly$9(OLS)http://semarc/publisher/39289